STUDY ON LAND TENURE SECURITY IN CHOBVARY COMMUNE, PREAH NETR PREAH DISTRICT, BANTEAY MEANCHEY PROVINCE សិក្សាអំពីសុវត្ថិភាពនៃការកាន់កាប់ដីធ្លីរបស់ប្រជាពលរដ្ឋនៅឃុំជប់វារី ស្រុកព្រះនេត្រព្រះ ខេត្តបន្ទាយមានជ័យ (Record no. 24940)

000 -LEADER
fixed length control field 00793nam a22001337a 4500
040 ## - CATALOGING SOURCE
Transcribing agency RUA
082 ## - DEWEY DECIMAL CLASSIFICATION NUMBER
Classification number LMA SEN 2024 B1-398 Or.1
100 ## - MAIN ENTRY--AUTHOR NAME
Personal name SEN KONGHIM សេន គង់ហ៊ីម
245 ## - TITLE STATEMENT
Title STUDY ON LAND TENURE SECURITY IN CHOBVARY COMMUNE, PREAH NETR PREAH DISTRICT, BANTEAY MEANCHEY PROVINCE សិក្សាអំពីសុវត្ថិភាពនៃការកាន់កាប់ដីធ្លីរបស់ប្រជាពលរដ្ឋនៅឃុំជប់វារី ស្រុកព្រះនេត្រព្រះ ខេត្តបន្ទាយមានជ័យ
260 ## - PUBLICATION, DISTRIBUTION, ETC. (IMPRINT)
Place of publication RUA
Name of publisher PHNOM PENH
Year of publication 2024
300 ## - PHYSICAL DESCRIPTION
Number of Pages xi
Other physical details ill
Dimensions 29cm
856 ## - ELECTRONIC LOCATION AND ACCESS
Uniform Resource Identifier https://drive.google.com/file/d/1XU53r7f0Tj1krl-OtfD6kc4P45vmyyQI/view?usp=sharing
942 ## - ADDED ENTRY ELEMENTS (KOHA)
Koha item type LMA
952 ## - LOCATION AND ITEM INFORMATION (KOHA)
Withdrawn status [LOCAL, KOHA] 0
952 ## - LOCATION AND ITEM INFORMATION (KOHA)
Withdrawn status [LOCAL, KOHA] 0
Holdings
Permanent Location Date acquired Koha item type Lost status Shelving location Barcode Current Location Full call number
Library Block B2025-05-13LMA B1.398A084003Library Block BLMA SEN 2024 B1-398 Or.1
Library Block B2025-05-13LMA B1.398A084456Library Block BLMA SEN 2024 B1-398 Or.2
មជ្ឈមណ្ឌលឯការនៃសាកលវិទ្យាល័យភូមិន្ទកសិកម្មចំការដូង

Powered by Koha